[Event "Campeonato del Mundo sub-18 Femenino"]
[Site "Kemer TUR"]
[Date "2009.11.19"]
[Round "8.22"]
[White "Iordanidou, Zoi"]
[Black "Finnbogadottir, Tinna"]
[Result "1-0"]
[WhiteElo "2060"]
[BlackElo "1710"]
[PlyCount "35"]
[EventDate "2009.11.11"]
[EventType "swiss"]
[EventRounds "11"]
[EventCountry "TUR"]
[Source "lmi"]
[SourceDate "2009.11.11"]

1. e4 c5 2. Nc3 g6 3. g3 Bg7 4. Bg2 Nc6 5. d3 e6 6. f4 Nge7 7. Nf3 O-O 8. O-O
d6 9. Be3 a6 10. Qd2 b5 11. f5 exf5 12. Bh6 fxe4 13. dxe4 Bb7 14. Bxg7 Kxg7 15.
Rad1 b4 16. Ne2 Na5 17. Qg5 h6 18. Qf4 1-0

[Event "Campeonato del Mundo sub-18 Femenino"]
[Site "Kemer TUR"]
[Date "2009.11.19"]
[Round "8.25"]
[White "Walallawita, Lihini Ashwini"]
[Black "Oliver, Tamzin"]
[Result "1-0"]
[WhiteElo "1797"]
[BlackElo "1777"]
[PlyCount "111"]
[EventDate "2009.11.11"]
[EventType "swiss"]
[EventRounds "11"]
[EventCountry "TUR"]
[Source "lmi"]
[SourceDate "2009.11.11"]

1. e4 c5 2. Nf3 Nc6 3. d4 cxd4 4. Nxd4 Nf6 5. Nc3 e5 6. Ndb5 d6 7. Bg5 a6 8.
Na3 b5 9. Nd5 Be7 10. Bxf6 Bxf6 11. c3 Bg5 12. Nc2 O-O 13. a4 bxa4 14. Rxa4 Rb8
15. b4 a5 16. b5 Ne7 17. Nce3 Be6 18. c4 Bxe3 19. Nxe3 f5 20. Bd3 g6 21. Nd5
Nxd5 22. exd5 Bd7 23. Qd2 Ra8 24. O-O f4 25. Rfa1 Qb6 26. Rxa5 Rae8 27. Be4 Qc5
28. Qd3 Kg7 29. Kf1 Rc8 30. Rc1 Rc7 31. Qe2 Qb4 32. Raa1 Qc5 33. f3 Rfc8 34.
Bd3 Qd4 35. Rab1 Qb6 36. Qf2 Rc5 37. Rc2 Ra8 38. Ra2 Qb7 39. Rxa8 Qxa8 40. Qb2
Rc7 41. Qb4 Qf8 42. Ra1 Bc8 43. b6 Rb7 44. Ra7 Kf6 45. Qa5 Qd8 46. Rxb7 Bxb7
47. Bc2 Qc8 48. Qb4 Ke7 49. Ba4 g5 50. Bc6 Qa8 51. Bxb7 Qxb7 52. Qb5 Qa8 53. b7
Qb8 54. Qc6 Kd8 55. c5 Qc7 56. cxd6 1-0

[Event "Campeonato del Mundo sub-18 Femenino"]
[Site "Kemer TUR"]
[Date "2009.11.19"]
[Round "8.28"]
[White "Elansary, Eman"]
[Black "Orehek, Spela"]
[Result "0-1"]
[WhiteElo "1926"]
[BlackElo "1890"]
[PlyCount "106"]
[EventDate "2009.11.11"]
[EventType "swiss"]
[EventRounds "11"]
[EventCountry "TUR"]
[Source "lmi"]
[SourceDate "2009.11.11"]

1. e4 d5 2. exd5 Nf6 3. d4 Nxd5 4. Nf3 g6 5. c4 Nb6 6. Nc3 Bg7 7. c5 Nd5 8. Bc4
c6 9. O-O O-O 10. Re1 Bg4 11. h3 Bxf3 12. Qxf3 e6 13. Rd1 Nd7 14. Ne4 b6 15. a3
bxc5 16. Nxc5 Nxc5 17. dxc5 Qe7 18. Bxd5 exd5 19. Bf4 Qxc5 20. Rac1 Qb5 21. b4
Rfe8 22. Be3 a6 23. Rc5 Qb7 24. Rdc1 Re6 25. R1c2 Rae8 26. Rd2 Qb8 27. g3 Qe5
28. Qd1 Qe4 29. Kh2 Rd8 30. Bd4 Bxd4 31. Rxd4 Qe5 32. Rc3 Qd6 33. Qf3 Rde8 34.
Rcd3 Rf6 35. Qg2 Re2 36. Rf3 Ra2 37. Rdd3 Re6 38. Rfe3 Re2 39. Qf3 R2xe3 40.
Rxe3 d4 41. Rd3 Qe5 42. Rd2 c5 43. bxc5 Qxc5 44. Qd3 Rd6 45. Rc2 Qd5 46. Rc4
Qb5 47. Qc2 d3 48. Qc3 Qd5 49. Rc5 Qd4 50. Rc8+ Kg7 51. Qd2 Rf6 52. Kg2 Qd5+
53. Kh2 Qf3 0-1

[Event "Campeonato del Mundo sub-18 Femenino"]
[Site "Kemer TUR"]
[Date "2009.11.19"]
[Round "8.29"]
[White "Barbier, Wiebke"]
[Black "Lokunarangoda, Jalashi Changa M"]
[Result "1-0"]
[WhiteElo "1911"]
[BlackElo "1576"]
[PlyCount "58"]
[EventDate "2009.11.11"]
[EventType "swiss"]
[EventRounds "11"]
[EventCountry "TUR"]
[Source "lmi"]
[SourceDate "2009.11.11"]

1. e4 e6 2. d4 d5 3. exd5 exd5 4. Bd3 Be6 5. Qf3 Nf6 6. h3 Bd6 7. Ne2 c6 8. O-O
Nbd7 9. Re1 Qe7 10. Nf4 O-O-O 11. c4 Bxf4 12. Bxf4 Qb4 13. Re2 dxc4 14. Be4
Nxe4 15. Qxe4 Bd5 16. Qe3 Qf8 17. Qg3 g6 18. Nd2 Qb4 19. Rd1 Qb6 20. Qe3 Be6
21. Ne4 Rdf8 22. Nd6+ Kd8 23. Bg5+ Kc7 24. Qg3 Kb8 25. Nxc4+ Qc7 26. Bf4 Bxc4
27. Bxc7+ Kc8 28. Re7 Bxa2 29. Qd6 Be6 1-0

[Event "Campeonato del Mundo sub-18 Femenino"]
[Site "Kemer TUR"]
[Date "2009.11.20"]
[Round "9.1"]
[White "Savina, Anastasia"]
[Black "Mammadova, Gulnar"]
[Result "1-0"]
[WhiteElo "2401"]
[BlackElo "2202"]
[PlyCount "116"]
[EventDate "2009.11.11"]
[EventType "swiss"]
[EventRounds "11"]
[EventCountry "TUR"]
[Source "lmi"]
[SourceDate "2009.11.11"]

1. d4 d6 2. Nf3 f5 3. c4 g6 4. Nc3 Nf6 5. e3 Bg7 6. Be2 O-O 7. b4 e5 8. dxe5
dxe5 9. Qb3 e4 10. Nd4 c6 11. c5+ Kh8 12. Bb2 Qe7 13. h4 Nh5 14. Bxh5 gxh5 15.
Nce2 b6 16. Nf4 bxc5 17. bxc5 Na6 18. Nde6 Bxe6 19. Qxe6 Rae8 20. Qh6 Kg8 21.
Qxg7+ Qxg7 22. Bxg7 Kxg7 23. Rc1 Re5 24. O-O Kf7 25. Rc3 Nxc5 26. Rfc1 Ne6 27.
Nxe6 Rxe6 28. Rxc6 Rxc6 29. Rxc6 Re8 30. Ra6 Re7 31. Kh2 Kg8 32. Rf6 Re5 33.
Rh6 f4 34. exf4 Ra5 35. Re6 Rxa2 36. Rxe4 a5 37. Kg3 a4 38. Re5 Kg7 39. Rxh5
Kg6 40. Rg5+ Kf6 41. Ra5 a3 42. f3 Kg6 43. h5+ Kh6 44. Kh3 Ra1 45. Kg4 a2 46.
Ra6+ Kg7 47. h6+ Kf7 48. Kg5 Ke8 49. f5 Ke7 50. f4 Kf7 51. Ra7+ Ke8 52. Kf6 Rh1
53. Ra8+ Kd7 54. Rxa2 Rxh6+ 55. Kg7 Rh4 56. Rd2+ Ke7 57. f6+ Ke6 58. Re2+ Kd5
1-0

[Event "Campeonato del Mundo sub-18 Femenino"]
[Site "Kemer TUR"]
[Date "2009.11.20"]
[Round "9.2"]
[White "Nakhbayeva, Guliskhan"]
[Black "Girya, Olga"]
[Result "1-0"]
[WhiteElo "2201"]
[BlackElo "2340"]
[PlyCount "55"]
[EventDate "2009.11.11"]
[EventType "swiss"]
[EventRounds "11"]
[EventCountry "TUR"]
[Source "lmi"]
[SourceDate "2009.11.11"]

1. d4 Nf6 2. c4 g6 3. Nc3 Bg7 4. e4 d6 5. a3 O-O 6. Bg5 c5 7. d5 e6 8. Nf3 exd5
9. cxd5 Re8 10. Nd2 Nxe4 11. Ncxe4 Qxg5 12. Be2 Qf4 13. g3 Qe5 14. Qb3 Bf5 15.
f3 Bxe4 16. fxe4 Qxb2 17. Qxb2 Bxb2 18. Rb1 Bc3 19. Rxb7 Rxe4 20. Rf1 Rd4 21.
Rfxf7 Rxd2 22. Kf1 Rb2 23. Rbe7 Nd7 24. Rxd7 Re8 25. Rde7 Rxe2 26. Kxe2 Rb8 27.
Kd3 Be5 28. Rxa7 1-0

[Event "Campeonato del Mundo sub-18 Femenino"]
[Site "Kemer TUR"]
[Date "2009.11.20"]
[Round "9.3"]
[White "Ozturk, Kubra"]
[Black "Guramishvili, Sopiko"]
[Result "1/2-1/2"]
[WhiteElo "2177"]
[BlackElo "2327"]
[PlyCount "101"]
[EventDate "2009.11.11"]
[EventType "swiss"]
[EventRounds "11"]
[EventCountry "TUR"]
[Source "lmi"]
[SourceDate "2009.11.11"]

1. d4 d5 2. c4 c6 3. Nf3 Nf6 4. e3 Bg4 5. h3 Bxf3 6. Qxf3 e6 7. Nc3 Nbd7 8. Bd3
Bd6 9. Bd2 O-O 10. cxd5 exd5 11. g4 Bb4 12. g5 Bxc3 13. Bxc3 Ne4 14. Bxe4 dxe4
15. Qxe4 Qxg5 16. O-O-O Nf6 17. Qd3 Qd5 18. Kb1 Ne4 19. Rhf1 f5 20. Be1 Ng5 21.
Bb4 Rf7 22. h4 Nf3 23. h5 Rd8 24. Rh1 Rfd7 25. Rc1 Qe4 26. Qxe4 fxe4 27. Rc5
Rd5 28. Rxd5 Rxd5 29. Kc2 Kf7 30. a4 Rg5 31. Bd6 Rg1 32. Rh3 Rf1 33. Rg3 Rxf2+
34. Kc3 Re2 35. Bf4 g6 36. hxg6+ hxg6 37. Rg4 Kg7 38. b4 Re1 39. b5 cxb5 40.
axb5 a5 41. bxa6 bxa6 42. Kc4 Kf6 43. Bh6 g5 44. Kd5 Rxe3 45. Rxe4 Rxe4 46.
Kxe4 Nd2+ 47. Kd5 Kg6 48. Bxg5 Kxg5 49. Kc5 Nb3+ 50. Kb4 Nxd4 51. Ka5 1/2-1/2

[Event "Campeonato del Mundo sub-18 Femenino"]
[Site "Kemer TUR"]
[Date "2009.11.20"]
[Round "9.4"]
[White "Pavlidou, Ekaterini"]
[Black "Vojinovic, Jovana"]
[Result "0-1"]
[WhiteElo "2128"]
[BlackElo "2319"]
[PlyCount "113"]
[EventDate "2009.11.11"]
[EventType "swiss"]
[EventRounds "11"]
[EventCountry "TUR"]
[Source "lmi"]
[SourceDate "2009.11.11"]

1. d4 Nf6 2. c4 g6 3. Nc3 Bg7 4. e4 d6 5. Nf3 O-O 6. Be2 Na6 7. O-O e5 8. Be3
c6 9. Qc2 Qe7 10. dxe5 dxe5 11. a3 Nc5 12. b4 Ne6 13. Nxe5 Nxe4 14. Nxe4 Bxe5
15. Rad1 f5 16. f4 Bg7 17. Nd6 Nd4 18. Qd3 Nxe2+ 19. Qxe2 Rd8 20. c5 a5 21. Qf2
axb4 22. axb4 Be6 23. Bd4 Ra2 24. Rd2 Rxd2 25. Qxd2 Bd5 26. Bxg7 Qxg7 27. Re1
Ra8 28. Re5 Ra1+ 29. Kf2 Qf6 30. Re8+ Kg7 31. Re3 Ra2 32. Ne8+ Kf7 33. Nxf6
Rxd2+ 34. Ke1 Rxg2 35. Nxd5 cxd5 36. Re5 Rb2 37. Rxd5 Rxb4 38. Rd7+ Ke6 39.
Rxh7 Kd5 40. Rg7 Kxc5 41. Rxg6 Rxf4 42. Rf6 b5 43. Kd2 Kc4 44. h4 Rf2+ 45. Kc1
Kc3 46. Rc6+ Kb3 47. h5 b4 48. h6 Rh2 49. Rb6 Rh4 50. Kd2 Rh3 51. Kc1 Rh2 52.
Rg6 Rh1+ 53. Kd2 Kb2 54. Kd3 b3 55. Rg2+ Ka1 56. h7 b2 57. Kd4 0-1

[Event "Campeonato del Mundo sub-18 Femenino"]
[Site "Kemer TUR"]
[Date "2009.11.20"]
[Round "9.5"]
[White "Motycakova, Monika"]
[Black "Tsatsalashvili, Keti"]
[Result "0-1"]
[WhiteElo "2038"]
[BlackElo "2288"]
[PlyCount "102"]
[EventDate "2009.11.11"]
[EventType "swiss"]
[EventRounds "11"]
[EventCountry "TUR"]
[Source "lmi"]
[SourceDate "2009.11.11"]

1. e4 c5 2. Nf3 d6 3. d4 cxd4 4. Nxd4 Nf6 5. Nc3 Nc6 6. Bg5 e6 7. Qd2 a6 8.
O-O-O Bd7 9. f4 h6 10. Bxf6 Qxf6 11. Nf3 Qd8 12. Qe3 Qa5 13. Nd2 b5 14. Nb3 Qc7
15. Kb1 Be7 16. Be2 Rb8 17. Bf3 b4 18. Ne2 a5 19. Nbd4 a4 20. Nxc6 Bxc6 21. Qd4
O-O 22. g4 Rfd8 23. h4 Bb5 24. g5 b3 25. Rd2 bxa2+ 26. Kxa2 e5 27. Qc3 Bc4+ 28.
Ka1 Ra8 29. gxh6 Rdb8 30. Nc1 Bf6 31. f5 gxh6 32. Be2 Rc8 33. Bxc4 Qxc4 34.
Qxc4 Rxc4 35. Rxd6 Bg7 36. f6 Bh8 37. Rg1+ Kh7 38. Nd3 Rxe4 39. Rd7 h5 40.
Rxf7+ Kh6 41. Rb7 a3 42. bxa3 Rf8 43. Nc5 Rg4 44. Rxg4 hxg4 45. f7 g3 46. Ne6
Rxf7 47. Rxf7 g2 48. Ka2 g1=Q 49. Ng5 Bg7 50. Ne6 Qg6 51. Ng5 Qxc2+ 0-1

[Event "Campeonato del Mundo sub-18 Femenino"]
[Site "Kemer TUR"]
[Date "2009.11.20"]
[Round "9.6"]
[White "Warakomska, Anna"]
[Black "Brunello, Marina"]
[Result "1-0"]
[WhiteElo "2189"]
[BlackElo "2158"]
[PlyCount "60"]
[EventDate "2009.11.11"]
[EventType "swiss"]
[EventRounds "11"]
[EventCountry "TUR"]
[Source "lmi"]
[SourceDate "2009.11.11"]

1. e4 c5 2. Nf3 e6 3. d4 cxd4 4. Nxd4 a6 5. Nc3 Qc7 6. Bd3 Nf6 7. O-O d6 8. Kh1
b5 9. a3 Bb7 10. f4 Nbd7 11. Qf3 Be7 12. Bd2 Nc5 13. Rae1 d5 14. e5 Nfe4 15.
Bxe4 Nxe4 16. Nxe4 dxe4 17. Qg3 g6 18. Bb4 h5 19. Nxe6 fxe6 20. Qxg6+ Kd7 21.
Bxe7 Bd5 22. Bd6 Qc8 23. f5 Kc6 24. Re3 Kb6 25. Rc3 Bc4 26. Re1 Qb7 27. Qg3 h4
28. Qe3+ Kc6 29. fxe6 Qg7 30. b3 Kd5 1-0

[Event "Campeonato del Mundo sub-18 Femenino"]
[Site "Kemer TUR"]
[Date "2009.11.20"]
[Round "9.7"]
[White "Richard, Emma"]
[Black "Bhakti Pradip, Kulkarni"]
[Result "0-1"]
[WhiteElo "2135"]
[BlackElo "2263"]
[PlyCount "136"]
[EventDate "2009.11.11"]
[EventType "swiss"]
[EventRounds "11"]
[EventCountry "TUR"]
[Source "lmi"]
[SourceDate "2009.11.11"]

1. e4 c5 2. Nf3 g6 3. d4 cxd4 4. Qxd4 Nf6 5. Nc3 Nc6 6. Qa4 Qc7 7. Nd5 Nxd5 8.
exd5 Ne5 9. Bf4 Nxf3+ 10. gxf3 Qc5 11. O-O-O Bg7 12. Be3 Qd6 13. Bf4 Qb6 14. c3
Qxf2 15. Qe4 Qh4 16. Rg1 O-O 17. Rg4 f5 18. Rxh4 fxe4 19. Bg5 exf3 20. Bxe7 Bf6
21. Bxf6 Rxf6 22. d6 b6 23. Bc4+ Kg7 24. Bd5 Rb8 25. Rf1 f2 26. Re4 Rxd6 27.
Bc4 Rf6 28. Re2 Bb7 29. Rexf2 Rxf2 30. Rxf2 d5 31. Bb3 Re8 32. Kd2 Ba6 33. Kc1
Re5 34. Rd2 Bb7 35. Rd4 Kf6 36. Kd2 Rf5 37. Ke3 Ke5 38. Rh4 h5 39. Bc2 Rg5 40.
Ra4 a6 41. Rb4 b5 42. Rh4 Bc8 43. Bd3 Rg2 44. b3 Bf5 45. a4 Bxd3 46. Kxd3 Rb2
47. axb5 Rxb3 48. bxa6 Ra3 49. Rh3 Rxa6 50. Rg3 Kf4 51. Kd4 g5 52. Rg2 Ra5 53.
Rf2+ Kg4 54. Rg2+ Kh4 55. Rg3 g4 56. Rg2 Kh3 57. Rd2 h4 58. Ke3 g3 59. hxg3
hxg3 60. Kf3 Ra3 61. Rxd5 Rxc3+ 62. Ke2 Kh2 63. Rh5+ Kg1 64. Rg5 g2 65. Rg8
Rc2+ 66. Ke1 Rc7 67. Rh8 Re7+ 68. Kd2 Re4 0-1

[Event "Campeonato del Mundo sub-18 Femenino"]
[Site "Kemer TUR"]
[Date "2009.11.20"]
[Round "9.8"]
[White "Repina, Varvara"]
[Black "Agrest, Inna"]
[Result "0-1"]
[WhiteElo "2258"]
[BlackElo "2180"]
[PlyCount "64"]
[EventDate "2009.11.11"]
[EventType "swiss"]
[EventRounds "11"]
[EventCountry "TUR"]
[Source "lmi"]
[SourceDate "2009.11.11"]

1. e4 e5 2. Nf3 Nc6 3. Bb5 a6 4. Ba4 Nf6 5. O-O b5 6. Bb3 Bc5 7. c3 d6 8. d4
Bb6 9. a4 Bg4 10. Bg5 Rb8 11. axb5 axb5 12. Bd5 Ne7 13. h3 Bh5 14. g4 Bg6 15.
Bxf6 gxf6 16. Nbd2 h5 17. Nh4 hxg4 18. Nxg6 Nxg6 19. Qxg4 Rh4 20. Bc6+ Ke7 21.
Qf5 Nf4 22. Kh2 Rxh3+ 23. Qxh3 Nxh3 24. Kxh3 Qh8+ 25. Kg2 Qh5 26. Rfd1 exd4 27.
Nf1 dxc3 28. Ng3 Qc5 29. Nf5+ Kd8 30. Nd4 Qg5+ 31. Kf3 Bxd4 32. Rh1 Ke7 0-1

[Event "Campeonato del Mundo sub-18 Femenino"]
[Site "Kemer TUR"]
[Date "2009.11.20"]
[Round "9.9"]
[White "Pon Namasivayam, Krithikha"]
[Black "Dudas, Eszter"]
[Result "1-0"]
[WhiteElo "2196"]
[BlackElo "2147"]
[PlyCount "115"]
[EventDate "2009.11.11"]
[EventType "swiss"]
[EventRounds "11"]
[EventCountry "TUR"]
[Source "lmi"]
[SourceDate "2009.11.11"]

1. e4 e6 2. d4 d5 3. Nc3 Bb4 4. e5 c5 5. a3 Bxc3+ 6. bxc3 Qa5 7. Bd2 Qa4 8. Be3
Nc6 9. Bd3 Nge7 10. Nh3 c4 11. Be2 Bd7 12. f4 O-O-O 13. O-O f6 14. exf6 gxf6
15. Bg4 Rdg8 16. Kh1 Rg7 17. Bf2 Rhg8 18. Bf3 Nf5 19. g4 Nd6 20. Bh4 Rg6 21.
Nf2 Qa5 22. Qd2 f5 23. g5 R6g7 24. Nd1 Ne7 25. Nf2 Ne4 26. Bxe4 dxe4 27. Nd1
Nd5 28. Ne3 Qxc3 29. Qxc3 Nxc3 30. Nxc4 Bc6 31. Ne5 Bd5 32. h3 Rc7 33. Rfe1 Nb5
34. c4 Bxc4 35. Nxc4 Rxc4 36. Rac1 Rxc1 37. Rxc1+ Kd7 38. a4 Nc7 39. Rb1 b6 40.
Bg3 Nd5 41. h4 Rc8 42. Rb2 a5 43. Kh2 Rc4 44. h5 Ke7 45. Be1 Kf7 46. Kg3 e3 47.
Kf3 Rxd4 48. Bg3 Rxa4 49. Rc2 Ra3 50. Be1 e2+ 51. Kf2 Ra4 52. Bd2 Re4 53. Ke1
b5 54. Rc8 Rc4 55. Ra8 a4 56. Ra7+ Kg8 57. Ra8+ Kg7 58. Kxe2 1-0

[Event "Campeonato del Mundo sub-18 Femenino"]
[Site "Kemer TUR"]
[Date "2009.11.20"]
[Round "9.10"]
[White "Hannes, Diana"]
[Black "Marshall, Abby"]
[Result "1/2-1/2"]
[WhiteElo "2125"]
[BlackElo "2176"]
[PlyCount "84"]
[EventDate "2009.11.11"]
[EventType "swiss"]
[EventRounds "11"]
[EventCountry "TUR"]
[Source "lmi"]
[SourceDate "2009.11.11"]

1. e4 e5 2. Nf3 Nc6 3. Bb5 Nf6 4. O-O Bc5 5. Nxe5 Nxe5 6. d4 c6 7. dxe5 Nxe4 8.
Bd3 d5 9. exd6 Nf6 10. Re1+ Be6 11. Bf5 O-O 12. Bxe6 fxe6 13. Be3 Bxd6 14. c4
Qc7 15. h3 Rad8 16. Qe2 a6 17. Nd2 Rfe8 18. Rac1 Qd7 19. Red1 c5 20. Nb3 b6 21.
Rd3 Qc6 22. Rcd1 Qa8 23. Nd2 Bc7 24. Nf1 Qe4 25. Qc2 Qf5 26. R3d2 Qh5 27. b4
cxb4 28. Bxb6 Rc8 29. Qd3 Qh4 30. Re2 Be5 31. Qe3 Qh5 32. Rde1 Bc3 33. Rc1 e5
34. a3 Kh8 35. Bc5 Bd4 36. Bxd4 exd4 37. Qxd4 bxa3 38. Qd6 Qa5 39. Ra1 Ne4 40.
Qxa3 Qb6 41. Qe3 Qf6 42. Raa2 Nc5 1/2-1/2

[Event "Campeonato del Mundo sub-18 Femenino"]
[Site "Kemer TUR"]
[Date "2009.11.20"]
[Round "9.11"]
[White "Eric, Jovana"]
[Black "Haug, Marianne Wold"]
[Result "1-0"]
[WhiteElo "2163"]
[BlackElo "2005"]
[PlyCount "53"]
[EventDate "2009.11.11"]
[EventType "swiss"]
[EventRounds "11"]
[EventCountry "TUR"]
[Source "lmi"]
[SourceDate "2009.11.11"]

1. e4 c5 2. Nf3 g6 3. d4 cxd4 4. Nxd4 Nc6 5. Nc3 Bg7 6. Nb3 Nf6 7. Be2 O-O 8.
O-O a5 9. a4 Nb4 10. Bg5 d5 11. exd5 Bf5 12. Nd4 Nbxd5 13. Ncb5 Bd7 14. Bf3 Qb6
15. c4 Nb4 16. Be3 Qd8 17. Bxb7 Rb8 18. Bf3 e5 19. Nb3 Bf5 20. Qxd8 Rfxd8 21.
Nxa5 Nc2 22. Nc6 Nxa1 23. Rxa1 e4 24. Be2 Ng4 25. Bxg4 Bxg4 26. Nxb8 Rxb8 27.
a5 1-0

[Event "Campeonato del Mundo sub-18 Femenino"]
[Site "Kemer TUR"]
[Date "2009.11.20"]
[Round "9.12"]
[White "Korchagina, Victoria"]
[Black "Mnatsakanyan, Diana"]
[Result "1-0"]
[WhiteElo "2150"]
[BlackElo "1973"]
[PlyCount "99"]
[EventDate "2009.11.11"]
[EventType "swiss"]
[EventRounds "11"]
[EventCountry "TUR"]
[Source "lmi"]
[SourceDate "2009.11.11"]

1. e4 e6 2. d4 d5 3. Nc3 Nf6 4. Bg5 dxe4 5. Nxe4 Be7 6. Bxf6 Bxf6 7. c3 Bd7 8.
Nf3 Bc6 9. Bd3 Bxe4 10. Bxe4 c6 11. O-O Nd7 12. Re1 Be7 13. a4 Nf6 14. Bc2 O-O
15. Qd3 Qc7 16. Ne5 g6 17. a5 a6 18. b4 Nd5 19. Qf3 Kg7 20. Rab1 f6 21. Nd3 e5
22. c4 Nc3 23. Nf4 exf4 24. Qxc3 Rfe8 25. h3 Qd7 26. Rbd1 Rad8 27. Bb3 f3 28.
d5 cxd5 29. Rxd5 Qc7 30. c5 fxg2 31. Qf3 Bf8 32. Red1 Rxd5 33. Qxd5 Qe7 34. Ba4
Rc8 35. Qxg2 Rc7 36. Qg3 Kf7 37. Kf1 Qe5 38. Qxe5 fxe5 39. Rd7+ Rxd7 40. Bxd7
Bg7 41. Ke2 e4 42. Kd2 Bd4 43. Bc8 b6 44. axb6 Bxf2 45. Bxa6 Ke6 46. Bc4+ Kd7
47. Bd5 Bg3 48. Bxe4 Kc8 49. Kd3 Bf2 50. Kc4 1-0

[Event "Campeonato del Mundo sub-18 Femenino"]
[Site "Kemer TUR"]
[Date "2009.11.20"]
[Round "9.13"]
[White "Gvilava, Maya"]
[Black "Kulon, Klaudia"]
[Result "1/2-1/2"]
[WhiteElo "2061"]
[BlackElo "2233"]
[PlyCount "48"]
[EventDate "2009.11.11"]
[EventType "swiss"]
[EventRounds "11"]
[EventCountry "TUR"]
[Source "lmi"]
[SourceDate "2009.11.11"]

1. e4 c5 2. Nf3 e6 3. d4 cxd4 4. Nxd4 a6 5. g3 d5 6. Bg2 dxe4 7. Bxe4 Bc5 8.
Be3 Nf6 9. Bg2 e5 10. Nb3 Qxd1+ 11. Kxd1 Bxe3 12. fxe3 Nc6 13. N1d2 Bg4+ 14.
Kc1 Rc8 15. Nc4 Ke7 16. Bxc6 Rxc6 17. Nxe5 Re6 18. Nxg4 Nxg4 19. Nd4 Re4 20.
Kd2 Rd8 21. Rad1 Nxe3 22. c3 Nc4+ 23. Kc2 f6 24. Rhf1 g6 1/2-1/2

[Event "Campeonato del Mundo sub-18 Femenino"]
[Site "Kemer TUR"]
[Date "2009.11.20"]
[Round "9.14"]
[White "Semenova, Elena"]
[Black "Hamza, Amira"]
[Result "1-0"]
[WhiteElo "2233"]
[BlackElo "1883"]
[PlyCount "101"]
[EventDate "2009.11.11"]
[EventType "swiss"]
[EventRounds "11"]
[EventCountry "TUR"]
[Source "lmi"]
[SourceDate "2009.11.11"]

1. e4 e6 2. d4 d5 3. Nc3 Nf6 4. Bg5 Be7 5. e5 Nfd7 6. Bxe7 Qxe7 7. f4 g6 8. Nf3
a6 9. Bd3 c5 10. dxc5 Nxc5 11. Qd2 Nc6 12. h4 Nxd3+ 13. cxd3 h5 14. O-O Bd7 15.
Rac1 Na7 16. Qf2 Nb5 17. Na4 Bc6 18. Nb6 Rb8 19. a4 Na7 20. Qc5 Nc8 21. a5
Qxc5+ 22. Rxc5 Ne7 23. Nd4 O-O 24. Nxc6 Nxc6 25. Nd7 Rfd8 26. Nxb8 Rxb8 27. Kf2
Kf8 28. Ke3 Rc8 29. d4 Ke7 30. Rfc1 Kd7 31. R1c3 Ne7 32. Rxc8 Nxc8 33. f5 Ne7
34. fxg6 fxg6 35. Kf4 Nf5 36. Kg5 Nxd4 37. Kxg6 Nc6 38. Kf6 Nxa5 39. g4 hxg4
40. h5 b5 41. h6 b4 42. Rc1 Nb3 43. h7 Nxc1 44. h8=Q Nb3 45. Qg7+ Kc6 46. Qxg4
a5 47. Qxe6+ Kc5 48. Qd6+ Kc4 49. e6 Nc5 50. Qc7 Kb5 51. e7 1-0

[Event "Campeonato del Mundo sub-18 Femenino"]
[Site "Kemer TUR"]
[Date "2009.11.20"]
[Round "9.15"]
[White "Havlikova, Kristyna"]
[Black "Iordanidou, Zoi"]
[Result "1-0"]
[WhiteElo "2185"]
[BlackElo "2060"]
[PlyCount "113"]
[EventDate "2009.11.11"]
[EventType "swiss"]
[EventRounds "11"]
[EventCountry "TUR"]
[Source "lmi"]
[SourceDate "2009.11.11"]

1. e4 d5 2. exd5 Qxd5 3. Nc3 Qd6 4. g3 Nf6 5. Bg2 c6 6. d4 Bf5 7. Nf3 e6 8. O-O
Be7 9. Bf4 Qd8 10. a3 O-O 11. Ne5 Nd5 12. Bc1 Nd7 13. Ne4 Nxe5 14. dxe5 Qc7 15.
Nd6 Bg6 16. c4 Nb6 17. Bf4 Rfd8 18. Qd4 c5 19. Qc3 Bxd6 20. exd6 Rac8 21. a4
Nd7 22. a5 Rb8 23. Rfd1 f6 24. Qa3 e5 25. Be3 Bf7 26. Rac1 b6 27. b4 cxb4 28.
Qxb4 Nc5 29. Bd5 Bxd5 30. Rxd5 Nd7 31. Qb5 Qb7 32. Rdd1 Rbc8 33. c5 Nb8 34.
axb6 axb6 35. cxb6 Rxc1 36. Rxc1 Na6 37. Qb3+ Kf8 38. Qe6 Qd7 39. Qc4 Qb7 40.
Qe6 Qd7 41. Qxd7 Rxd7 42. Rc8+ Kf7 43. Ra8 Nb4 44. Ra7 Ke6 45. Rxd7 Kxd7 46. b7
Nc6 47. Ba7 Kxd6 48. b8=Q+ Nxb8 49. Bxb8+ Kd5 50. Kg2 f5 51. Kf3 g6 52. g4
fxg4+ 53. Kxg4 h6 54. Ba7 Ke4 55. Be3 h5+ 56. Kg5 Kf3 57. h4 1-0

[Event "Campeonato del Mundo sub-18 Femenino"]
[Site "Kemer TUR"]
[Date "2009.11.20"]
[Round "9.16"]
[White "Aliaga Fernandez, Ingrid Yadyra"]
[Black "Labedz, Patrycja"]
[Result "1/2-1/2"]
[WhiteElo "2146"]
[BlackElo "2115"]
[PlyCount "95"]
[EventDate "2009.11.11"]
[EventType "swiss"]
[EventRounds "11"]
[EventCountry "TUR"]
[Source "lmi"]
[SourceDate "2009.11.11"]

1. e4 e6 2. d4 d5 3. Nc3 Bb4 4. e5 c5 5. a3 Ba5 6. b4 cxd4 7. Qxd4 Bc7 8. Nf3
Ne7 9. Bg5 Nbc6 10. Bb5 h6 11. Bh4 Bb6 12. Qd3 Qc7 13. O-O O-O 14. Rfe1 Nf5 15.
Bg3 Nxg3 16. hxg3 f6 17. Bxc6 bxc6 18. Na4 a5 19. Nxb6 Qxb6 20. c3 c5 21. Qe3
axb4 22. cxb4 fxe5 23. bxc5 Qc7 24. Nxe5 Ra4 25. f3 d4 26. Qb3 Ra5 27. Ng6 Rf6
28. Nf4 Rxc5 29. Nxe6 Bxe6 30. Rxe6 Rxe6 31. Qxe6+ Kh8 32. Qe8+ Kh7 33. Qe4+
Kh8 34. Qxd4 Rc1+ 35. Rxc1 Qxc1+ 36. Kh2 Qxa3 37. g4 Qa5 38. Qe4 Qb6 39. Kg3
Qd6+ 40. Qf4 Qd1 41. g5 Qe1+ 42. Kh2 hxg5 43. Qxg5 Kg8 44. Qd5+ Kf8 45. Kh3
Qh1+ 46. Kg3 Qg1 47. Qe6 Qf1 48. Qe4 1/2-1/2

[Event "Campeonato del Mundo sub-18 Femenino"]
[Site "Kemer TUR"]
[Date "2009.11.20"]
[Round "9.17"]
[White "Uuganbayar, Lkhamsuren"]
[Black "Ursente, Maria-Eugenia"]
[Result "1-0"]
[WhiteElo "2136"]
[BlackElo "1968"]
[PlyCount "33"]
[EventDate "2009.11.11"]
[EventType "swiss"]
[EventRounds "11"]
[EventCountry "TUR"]
[Source "lmi"]
[SourceDate "2009.11.11"]

1. e4 c5 2. Nf3 e6 3. d4 cxd4 4. Nxd4 a6 5. Nc3 Qc7 6. Bd3 Nf6 7. O-O Be7 8.
Kh1 O-O 9. Qf3 Qf4 10. Qd1 Qc7 11. f4 d6 12. Be3 Nc6 13. Qf3 Bd7 14. Rae1 Nxd4
15. Bxd4 b5 16. e5 Ne8 17. Qxa8 1-0

[Event "Campeonato del Mundo sub-18 Femenino"]
[Site "Kemer TUR"]
[Date "2009.11.20"]
[Round "9.18"]
[White "Jafari, Golnaz"]
[Black "Ziaziulkina, Nastassia"]
[Result "1/2-1/2"]
[WhiteElo "1999"]
[BlackElo "2128"]
[PlyCount "159"]
[EventDate "2009.11.11"]
[EventType "swiss"]
[EventRounds "11"]
[EventCountry "TUR"]
[Source "lmi"]
[SourceDate "2009.11.11"]

1. e4 c5 2. Nf3 d6 3. d4 cxd4 4. Nxd4 Nf6 5. Nc3 e6 6. Bc4 Be7 7. Bb3 O-O 8.
O-O Nc6 9. Be3 Bd7 10. f4 Nxd4 11. Bxd4 Bc6 12. Qe2 b5 13. Nxb5 Bxe4 14. c4 a6
15. Nc3 Bb7 16. Rad1 Qc7 17. Bc2 Rfd8 18. b3 d5 19. f5 dxc4 20. Na4 Qc6 21.
fxe6 Qxe6 22. Qxe6 fxe6 23. bxc4 Bc6 24. Kh1 Rac8 25. Nb6 Rb8 26. c5 Rxd4 27.
Rxd4 Bxc5 28. Rc4 Bb5 29. Rxc5 Bxf1 30. Rc6 Nd5 31. Nxd5 exd5 32. Bb3 Bc4 33.
Kg1 Bxb3 34. axb3 Rxb3 35. Rxa6 Rb2 36. Rd6 Rd2 37. Rd7 d4 38. g3 d3 39. Kf1
Rd1+ 40. Kf2 d2 41. Ke2 Rh1 42. Kxd2 Rxh2+ 43. Ke3 Ra2 44. g4 Ra4 45. Kf3 h6
46. Rb7 Kh7 47. Rb6 Kg8 48. Rb7 Ra6 49. Kf4 Kh7 50. Rc7 Kg6 51. Rc5 Ra4+ 52.
Kg3 Re4 53. Kf3 Re1 54. Kf2 Ra1 55. Kg3 Rg1+ 56. Kf4 Rf1+ 57. Kg3 Re1 58. Kf2
Re6 59. Kf3 Rd6 60. Ke4 Rf6 61. Ra5 Rf1 62. Rb5 Kf6 63. Ra5 Re1+ 64. Kf4 g5+
65. Kf3 Re6 66. Rb5 Kg6 67. Kg3 h5 68. gxh5+ Kxh5 69. Rb3 Re1 70. Ra3 Rg1+ 71.
Kf2 Rg4 72. Ra8 Rb4 73. Kg3 Rb3+ 74. Kg2 Kh4 75. Ra4+ g4 76. Ra2 Rb4 77. Rc2
Kg5 78. Kg3 Rb3+ 79. Kg2 Kh4 80. Ra2 1/2-1/2